000 00598nam a2200205 a 4500
001 000024992
005 20200930023508.0
008 841115s1972 sp 001 p spa d
040 _aDO-SdBNP
_bspa
_cBNPHU
082 _aCu861.44
_bP896o
100 1 _aPrado, Pura del
_951283
245 1 0 _aLa otra orilla /
_cPura del Prado.
260 _aMadrid, (España) :
_bPlaza mayor Ediciones,
_c1972.
300 _a134 p. ;
_c20 cm.
490 1 _aOvalo,
_v3
650 4 _aPoesía cubana
_95226
650 4 _aLiteratura cubana
_91483
830 0 _aOvalo,
_v3
_951284
910 _aCatalogación por copia / LC
999 _c24485
_d24485